000 00794nam a22002297i 4500
999 _c23186
_d23186
003 AR-CdUCM
008 250122b20232023 pe||||| |||| 00| 0 spa d
020 _a978-612-00-9068-8
040 _aMUNICIPALIDAD PROVINCIAL DEL CUSCO
_cBIBLIOTECA MUNICIPAL DEL CUSCO
041 _hspa
082 _a868.6 / M86E
_bM86E
100 _aMoreno Arias, Juan José
_950948
245 _aEl Efecto Gringo :
_bLas aventuras de un español en Perú /
260 _aCusco :
_bAutor-Editor
_c2023
300 _a267 páginas. :
_c21x15 cm.
505 _aMi segundo viaje -- Lucha interna -- La vida social -- Buscando mi lugar -- Efecto gringo -- Aquí me quedo
650 _aSemilla
_950949
650 _aMi viaje
_950950
650 _aMe quedo
_950951
942 _2ddc
_cLIBROS
945 _apbjr
_d22-01-2025